00385nam a2200145Ia 4500100001900000942000700019654001600026245002700042260002900069082001300098300000800111546001200119999001700131952009100148 aPujari/Arun K  cBK adata mining aData mining techniques bUniversities Pressc2001 a4.6bPUJ a288 aENGLISH c29064d29064 001040708CRCaCRCEbCRCEd2023-03-17l0o4.6 PUJp13971r2023-03-17w2023-03-17yBK